000 01244cam a2200313 a 4500
003 CO-ViMGA
005 20230915233127.0
008 040923s2001 sp a jr 00011 spa d
020 _a8420790095
040 _aCO-ViMGA
_bspa
_cCO-ViMGA
043 _ae-gx---
082 0 4 _aI833.7
_bG74c22
_219 ed.
100 1 _aGrimm, Jacob Ludwig Karl,
_d1785-1863.
_92290
245 1 0 _aCuentos de Grimm /
_cJacobo y Guillermo Grimm ; introducción Gustavo Martín Garzo ; apéndice Herman Grimm ; ilustrado por Javier Serrano .... [et al.] ; traducción María Antonia Seijo Castroviejo.
250 _a3a. ed.
260 _aMadrid :
_bAnaya,
_c2001.
300 _a237 p. :
_bil. ;
_c30 cm.
650 1 4 _aAnimales
_aCuentos infantiles.
_91729
650 1 4 _aBrujas
_aCuentos infantiles.
_92937
650 1 4 _aCuentos infantiles alemanes.
_994
650 6 _aPescadores
_aCuentos infantiles.
_92936
650 6 _aSastres
_aCuentos infantiles.
_92935
700 1 _aGrimm, Herman Friedrich,
_d1828-1901.
_92939
700 1 _aGrimm, Wilhelm Karl,
_d1786-1859.
_92288
700 1 _aMartín Garzo, Gustavo,
_d1948-
_92940
700 1 _aSeijo Castroviejo, María Antonia,
_etr.
_92938
700 1 _aSerrano, Javier,
_d1946-,
_eil.
_92941
942 _2ddc
_cBK
999 _c35389
_d35389